Statistics for Bayern Munich Scorers in 2010s Champions League

Click here to take the quiz!

General Stats

  • This quiz has been taken 432 times
  • The average score is 24 of 36

Answer Stats

PlayerNationGls% Correct
Robert LewandowskiPoland36
100%
Arjen RobbenNetherlands25
99%
Thomas MüllerGermany41
99%
Franck RibéryFrance14
97%
David AlabaAustria5
92%
Arturo VidalChile5
91%
Mario MandžukićCroatia6
89%
Mario GómezGermany23
87%
Thiago AlcántaraSpain8
85%
Jérôme BoatengGermany3
82%
Bastian SchweinsteigerGermany7
79%
James RodríguezColombia1
78%
Javi MartínezSpain2
78%
Kingsley ComanFrance5
78%
Claudio PizarroPeru4
77%
Mats HummelsGermany2
77%
Joshua KimmichGermany7
73%
Ivica OlićCroatia9
70%
Douglas CostaBrazil4
65%
Xabi AlonsoSpain3
65%
Xherdan ShaqiriSwitzerland2
65%
Mario GötzeGermany9
64%
Toni KroosGermany6
62%
Miroslav KloseGermany2
61%
Corentin TolissoFrance3
59%
Daniel Van BuytenBelgium1
58%
Medhi BenatiaMorocco1
55%
RafinhaBrazil1
51%
Juan BernatSpain2
49%
Mark van BommelNetherlands1
43%
Renato SanchesPortugal1
43%
Anatoliy TymoshchukUkraine2
36%
Holger BadstuberGermany1
36%
Sandro WagnerGermany1
17%
Sebastian RodeGermany1
17%
Hans-Jörg ButtGermany1
9%

Score Distribution

Percentile by Number Answered

Percent of People with Each Score

Your Score History

You have not taken this quiz